A Letter to a member of this present Parliament, for liberty of conscience

Bibliographic Details
Format: eBook
Language:English
Published: London : [publisher not identified], 1668.
Series:Early English books online.
Subjects:
Online Access:Connect to the full text of this electronic book

MARC

Tag First Indicator Second Indicator Subfields
LEADER 00000nam a2200000Ia 4500
001 in00004295421
005 20200810080626.0
006 m g d
007 cr bn |||a|bb|
008 851028s1668 enk o 00| | eng d
035 |a (OCoLC)12728427 
040 |a EAA  |c EAA  |d WaOLN 
037 |a CL0037000032  |b ProQuest Information and Learning. 300 N. Zeeb Rd., Ann Arbor, MI 48106 
049 |a UMIA 
245 0 2 |a A Letter to a member of this present Parliament, for liberty of conscience 
260 |a London :  |b [publisher not identified],  |c 1668. 
300 |a 1 online resource (11 pages) 
336 |a text  |b txt  |2 rdacontent 
337 |a computer  |b c  |2 rdamedia 
338 |a online resource  |b cr  |2 rdacarrier 
500 |a Reproduction of original in Union Theological Seminary Library, New York. 
510 4 |a Wing  |c L1688 
533 |a Electronic reproduction.  |b Ann Arbor, Mich. :  |c UMI,  |d 1999-  |f (Early English books online)  |n Digital version of: (Early English books, 1641-1700 ; 987:3)  |7 s1999 miun s 
650 0 |a Liberty of conscience  |z Great Britain. 
830 0 |a Early English books online. 
856 4 0 |u http://proxy.library.tamu.edu/login?url=https://search.proquest.com/docview/2264194382  |z Connect to the full text of this electronic book  |t 0 
999 f f |s 515cc99e-ddf6-305e-873b-4877a5a297b7  |i 6165ac2b-1314-36ac-85ae-3e5794d493bc  |t 0 
952 f f |a Texas A&M University  |b College Station  |c Electronic Resources  |d Available Online  |t 0  |h No information provided 
998 f f |t 0  |l Available Online